URBAN ECONOMICS IVTH ED. (Record no. 861839)

MARC details
000 -LEADER
fixed length control field 00334nam a2200133Ia 4500
008 - FIXED-LENGTH DATA ELEMENTS--GENERAL INFORMATION
fixed length control field 230822s1980 xx 000 0 und d
020 ## - INTERNATIONAL STANDARD BOOK NUMBER
International Standard Book Number 0-673-38323-7
041 ## - LANGUAGE CODE
Language code of text/sound track or separate title eng
082 ## - DEWEY DECIMAL CLASSIFICATION NUMBER
Classification number 330.9173'2
100 ## - MAIN ENTRY--PERSONAL NAME
Personal name MILLS.E.S.,HAMILTON.B.W.
245 ## - TITLE STATEMENT
Title URBAN ECONOMICS IVTH ED.
260 ## - PUBLICATION, DISTRIBUTION, ETC.
Name of publisher, distributor, etc. SCIENTIFIC BOOK AGENCY
Date of publication, distribution, etc. 1980
300 ## - PHYSICAL DESCRIPTION
Extent 461

No items available.